• 首页
  • 本馆介绍
  • 公告通知
  • 最新文献
  • 馆藏检索
  • 电子资源
  • 读者导购
  • 参考咨询
  • 我的图书馆
  • 登录
  • 详细信息显示
  • 放入我的书架
  • 预约/预借图书
  • 作者相关作品
  • 分类相关作品
  • 丛书相关作品
  • 出版社相关作品

书目信息

  • 表格格式
  • 工作单格式
  • 卡片格式
题名:
400次
    
 
作者: ;大姨吗 编著
分册:  
出版信息: 杭州   浙江文艺出版社  2016
页数: 182页
开本: 21cm
丛书名:
单 册:
中图分类: R711.51
科图分类:
主题词: 月经--基本知识
电子资源:
ISBN: 978-7-5339-4410-0
000 00943nam0 2200241 450
001 1764224016
005 20161207151528.0
010    @a978-7-5339-4410-0@dCNY39.80
100    @a20160414d2016 em y0chiy50 ea
101 0  @achi
102    @aCN@b330000
105    @aa z 000yy
106    @ar
200 1  @a400次@9400 ci@b专著@e女生必看的大姨妈圣经@f大姨吗编著
210    @a杭州@c浙江文艺出版社@d2016
215    @a182页@c彩图@d21cm@e1好男人行为手册
330    @a本书是一本教广大女性如何跟月经和平共处的科普书,通过展现青春期女孩“小纠结”在生活中遇到的小尴尬、小困惑(比如男朋友总说“多喝热水”),让年轻的女性读者们随着小纠结的成长发育故事,更在乎自己的身体和状态,用“白瘦美”的生活方式规划更精致健康的人生。
517 1  @a女生必看的大姨妈圣经@9nv sheng bi kan de da yi ma sheng jing
606 0  @a月经@x基本知识
690    @aR711.51@v5
711 02 @a大姨吗@9da yi ma@4编著
801  0 @aCN@b91MARC@c20160516
905    @aBZT@dR711.51@e14
    
    400次:女生必看的大姨妈圣经/大姨吗编著.-杭州:浙江文艺出版社,2016
    182页:彩图;21cm+1好男人行为手册
    
    
    ISBN 978-7-5339-4410-0:CNY39.80
    本书是一本教广大女性如何跟月经和平共处的科普书,通过展现青春期女孩“小纠结”在生活中遇到的小尴尬、小困惑(比如男朋友总说“多喝热水”),让年轻的女性读者们随着小纠结的成长发育故事,更在乎自己的身体和状态,用“白瘦美”的生活方式规划更精致健康的人生。
●
相关链接 在五车中查询图书 在当当中查询图书 在豆瓣中查询图书


正题名:400次     索取号:R711.51/14         预约/预借

序号 登录号 条形码 馆藏地/架位号 状态 备注
1 828575   2000828575   第二书库/ [索取号:R711.51/14] 在馆    
2 828576   2000828576   第二书库/ [索取号:R711.51/14] 在馆    
3 828577   2000828577   第二书库/ [索取号:R711.51/14] 在馆    
山东省滨州职业学院图书馆 欢迎您!
大连网信软件有限公司© 版权所有